Statistiques concernant Coupe du monde de football - Joueurs les plus capés

Cliquez ici pour prendre le quiz!

Statistiques générales

  • Ce quiz a été pris 139 fois
  • Le résultat moyen est 11 sur 24

Statistiques - réponses

ApparitionNationalitéAnnéesJoueur% Correct
26Argentine2006, 2010, 2014, 2018, 2022Lionel Messi
98%
22Portugal2006, 2010, 2014, 2018, 2022Cristiano Ronaldo
95%
19Brésil1998, 2002, 2006Ronaldo
92%
19Croatie2006, 2014, 2018, 2022Luka Modrić
81%
24Allemagne2002, 2006, 2010, 2014Miroslav Klose
81%
20France2010, 2014, 2018, 2022Hugo Lloris
80%
19France2014, 2018, 2022Antoine Griezmann
77%
19Allemagne2010, 2014, 2018, 2022Manuel Neuer
73%
21Argentine1982, 1986, 1990, 1994Diego Armando Maradona
62%
20Allemagne2006, 2010, 2014Philipp Lahm
60%
23Italie1990, 1994, 1998, 2002Paolo Maldini
56%
20Brésil1994, 1998, 2002, 2006Cafu
49%
25Allemagne1982, 1986, 1990, 1994, 1998Lothar Matthäus
48%
20Allemagne2006, 2010, 2014Bastian Schweinsteiger
38%
20Argentine2006, 2010, 2014, 2018Javier Mascherano
30%
19Mexique2002, 2006, 2010, 2014, 2018Rafael Márquez
27%
19Allemagne1978, 1982, 1986Karl-Heinz Rummenigge
19%
19Allemagne2010, 2014, 2018, 2022Thomas Müller
18%
20Pologne1974, 1978, 1982Grzegorz Lato
8%
21Allemagne1958, 1962, 1966, 1970Uwe Seeler
6%
19Allemagne1970, 1974, 1978Berti Vogts
3%
19Allemagne2006, 2010, 2014Per Mertesacker
2%
21Pologne1974, 1978, 1982, 1986Władysław Żmuda
1%
19Allemagne1966, 1970, 1974Wolfgang Overath
1%

Distribution des résultats

Percentile par nombre de réponses

% des personnes avec chaque résultat

Votre développement - résultats

Vous n’avez pas pris ce quiz